The discovery / (Record no. 1113)

MARC details
000 -LEADER
fixed length control field 01285cam a22003493a 4500
005 - DATE AND TIME OF LATEST TRANSACTION
control field 20230815105530.0
020 ## - INTERNATIONAL STANDARD BOOK NUMBER
International Standard Book Number 0590496379 (pbk.) :
020 ## - INTERNATIONAL STANDARD BOOK NUMBER
International Standard Book Number 9780590496377
040 ## - CATALOGING SOURCE
Original cataloging agency GUZ
Transcribing agency GUZ
Modifying agency JED
-- IHI
-- SLC
-- OCL
-- DLC
Language of cataloging eng
050 00 - LIBRARY OF CONGRESS CALL NUMBER
Classification number PZ7.A6483
082 ## - DEWEY DECIMAL CLASSIFICATION NUMBER
Classification number Fic
100 1# - MAIN ENTRY--PERSONAL NAME
Personal name Applegate, Katherine
245 14 - TITLE STATEMENT
Title The discovery /
Statement of responsibility, etc. K.A. Applegate
260 ## - PUBLICATION, DISTRIBUTION, ETC.
Place of publication, distribution, etc. New York :
Name of publisher, distributor, etc. Scholastic,
Date of publication, distribution, etc. 1998.
300 ## - PHYSICAL DESCRIPTION
Extent 153 pages ;
Dimensions 20 cm
Other physical details Illustrations
490 1# - SERIES STATEMENT
Series statement Animorphs ;
Volume/sequential designation Book 20
500 ## - GENERAL NOTE
General note "Part one of a trilogy"--Cover p. 4.
500 ## - GENERAL NOTE
General note "An Apple paperback."
505 ## - FORMATTED CONTENTS NOTE
Formatted contents note M <br/>
520 ## - SUMMARY, ETC.
Summary, etc. The blue box Elfangor used to create the Animorphs has been found by David, but David doesn't know what it is. The Animorphs have to get that box at any cost. David ends up on the run with the Animorphs and Ax, and may become the sixth Animorph.
521 ## - TARGET AUDIENCE NOTE
Target audience note 540 <br/><br/>
Source Lexile <br/>
521 ## - TARGET AUDIENCE NOTE
Target audience note M <br/>
Source Raz-Plus <br/>
650 #1 - SUBJECT ADDED ENTRY--TOPICAL TERM
Topical term or geographic name entry element Metamorphosis
Form subdivision Fiction.
650 #1 - SUBJECT ADDED ENTRY--TOPICAL TERM
Topical term or geographic name entry element Science fiction.
650 #0 - SUBJECT ADDED ENTRY--TOPICAL TERM
Topical term or geographic name entry element Science fiction
Form subdivision Juvenile literature.
650 #0 - SUBJECT ADDED ENTRY--TOPICAL TERM
Topical term or geographic name entry element Metamorphosis
Form subdivision Juvenile literature.
655 #7 - INDEX TERM--GENRE/FORM
Genre/form data or focus term Science fiction.
Source of term gsafd
906 ## - LOCAL DATA ELEMENT F, LDF (RLIN)
a 7
b cbc
c copycat
d 2
e ncip
f 20
g y-genrareb
942 ## - ADDED ENTRY ELEMENTS (KOHA)
Source of classification or shelving scheme Dewey Decimal Classification
Koha item type Books
Suppress in OPAC No
999 ## -
-- 1113
-- 1113
Holdings
Withdrawn status Lost status Source of classification or shelving scheme Damaged status Not for loan Collection Home library Current library Shelving location Date acquired Total Checkouts Full call number Barcode Date last seen Date last checked out Price effective from Koha item type
    Dewey Decimal Classification     Fiction Footprints International School Library Network Toul Kork Campus Footprints International School Library Network Toul Kork Campus   08/01/2023 2 APP Fic PZ7.A6483 FISOO980 01/30/2024 01/23/2024 08/01/2023 Books